[Event "Mar del Plata op 47th"]
[Site "Mar del Plata"]
[Date "2016.03.22"]
[Round "5"]
[White "Toniutti, Ezio"]
[Black "Tossutti, Juan Carlos"]
[Result "1/2-1/2"]
[WhiteElo "2260"]
[BlackElo "2043"]
[PlyCount "62"]
[EventDate "2016.03.19"]
[EventType "swiss"]
[EventRounds "9"]
[EventCountry "ARG"]
[SourceTitle "CBM 171 Extra"]
[Source "ChessBase"]
[SourceDate "2016.04.26"]
[SourceVersion "1"]
[SourceVersionDate "2016.04.26"]
[SourceQuality "1"]

1. d4 d5 2. c4 c6 3. Nf3 Nf6 4. e3 e6 5. b3 Bd6 6. Bd3 0-0 7. 0-0 Nbd7 8. Bb2 Re8 9. Ne5 c5 10. Nd2 cxd4 11. exd4 Nf8 12. Ndf3 dxc4 13. bxc4 N6d7 14. Qe2 Nxe5 15. Nxe5 Qc7 16. c5 Bxe5 17. dxe5 Bd7 18. Rfd1 Red8 19. Be4 Bc6 20. Rd6 Bxe4 21. Qxe4 Qxc5 22. Rc1 Rxd6 23. exd6 Qxd6 24. Qg4 e5 25. Rd1 Qf6 26. Qe4 Rd8 27. Rf1 Ng6 28. Qxb7 Qb6 29. Qxb6 axb6 30. Bc1 f6 31. Be3 Rd5 1/2-1/2

[Event "Las Brenas IRT 1st"]
[Site "Las Brenas"]
[Date "2015.09.13"]
[Round "8.5"]
[White "Tossutti, Juan Carlos"]
[Black "Zalazar, Diego"]
[Result "1/2-1/2"]
[WhiteElo "2098"]
[BlackElo "1808"]
[PlyCount "34"]
[EventDate "2015.09.10"]
[EventType "swiss"]
[EventRounds "9"]
[EventCountry "ARG"]
[SourceTitle "EXT 2024"]
[Source "ChessBase"]
[SourceDate "2023.10.10"]
[SourceVersion "1"]
[SourceVersionDate "2023.10.10"]
[SourceQuality "1"]

1. e4 c5 2. Nf3 d6 3. d4 cxd4 4. Nxd4 Nf6 5. Nc3 a6 6. Be3 b5 7. f3 e6 8. Qd2 Nbd7 9. g4 Nb6 10. g5 Nfd7 11. h4 Ne5 12. b3 Bb7 13. Bg2 Rc8 14. Nce2 d5 15. f4 Ng4 16. e5 Nxe3 17. Qxe3 Bc5 1/2-1/2

[Event "Puerto Tirol Provincial-ch"]
[Site "Puerto Tirol"]
[Date "2004.11.27"]
[Round "6"]
[White "Antunez, Pablo"]
[Black "Tossutti, Juan Carlos"]
[Result "0-1"]
[WhiteElo "1787"]
[BlackElo "2235"]
[PlyCount "62"]
[EventDate "2004.11.20"]
[EventType "swiss"]
[EventRounds "7"]
[EventCountry "ARG"]
[SourceTitle "CBM 103 Extra"]
[Source "ChessBase"]
[SourceDate "2005.01.01"]
[SourceVersion "1"]
[SourceVersionDate "2005.01.01"]
[SourceQuality "1"]

1. d4 c5 2. d5 e5 3. c4 d6 4. e4 Be7 5. Nf3 Bg4 6. Be2 Bxf3 7. Bxf3 Bg5 8. Nc3 Bxc1 9. Rxc1 Ne7 10. 0-0 0-0 11. Bg4 Ng6 12. Ne2 Qg5 13. Bh3 Na6 14. Rc3 Nc7 15. Rg3 Qe7 16. Qc2 b5 17. b3 b4 18. f4 exf4 19. Nxf4 a5 20. Bf5 Qe5 21. Qf2 a4 22. Nh3 axb3 23. axb3 Ra1 24. Rf3 Rxf1+ 25. Qxf1 Ra8 26. Qe2 Ra1+ 27. Rf1 Qd4+ 28. Qf2 Rxf1+ 29. Kxf1 Qd1+ 30. Qe1 Qxb3 31. Qe2 Ne5 0-1

[Event "Puerto Tirol Provincial-ch"]
[Site "Puerto Tirol"]
[Date "2004.11.21"]
[Round "4"]
[White "Maya, Enzo"]
[Black "Tossutti, Juan Carlos"]
[Result "1-0"]
[WhiteElo "1883"]
[BlackElo "2235"]
[PlyCount "129"]
[EventDate "2004.11.20"]
[EventType "swiss"]
[EventRounds "7"]
[EventCountry "ARG"]
[SourceTitle "CBM 103 Extra"]
[Source "ChessBase"]
[SourceDate "2005.01.01"]
[SourceVersion "1"]
[SourceVersionDate "2005.01.01"]
[SourceQuality "1"]

1. e4 c5 2. Nf3 Nc6 3. d3 g6 4. g3 Bg7 5. Bg2 d6 6. 0-0 e6 7. Nbd2 Nge7 8. Re1 0-0 9. c3 Rb8 10. Nf1 b5 11. Bg5 h6 12. Be3 b4 13. Qc1 bxc3 14. bxc3 Kh7 15. Qc2 Qa5 16. Bd2 Qa3 17. Rab1 Bd7 18. Rb3 Rxb3 19. Qxb3 Qa6 20. Qc2 Rb8 21. Rb1 Rxb1 22. Qxb1 Nc8 23. Ne3 Nb6 24. Bf1 Qc8 25. Qb3 Qd8 26. Nc4 Nxc4 27. Qxc4 Qb6 28. Qb3 Na5 29. Qxb6 axb6 30. Be2 Ba4 31. Ne1 Nc6 32. f4 Na7 33. c4 Nc6 34. Nf3 Bc2 35. Ne1 Bb1 36. a3 Bb2 37. a4 Ba3 38. Kf2 Bb4 39. Ke3 f5 40. exf5 gxf5 41. Bf3 Bxd2+ 42. Kxd2 Nd4 43. Bd1 Nc6 44. Kc1 Ba2 45. Kb2 Nb4 46. Nc2 Nxd3+ 47. Kxa2 e5 48. fxe5 dxe5 49. Ne3 Kg6 50. Bc2 Nb4+ 51. Kb2 e4 52. Kc3 Kg5 53. Kd2 Nc6 54. Nd5 Kg4 55. Nxb6 Kf3 56. Bd1+ Kf2 57. Nd5 Na5 58. Kc3 e3 59. Nf4 Nc6 60. Bc2 Nd4 61. a5 e2 62. Nxe2 Nxe2+ 63. Kd2 Nd4 64. a6 Nf3+ 65. Kc3 1-0

[Event "Puerto Tirol Provincial-ch"]
[Site "Puerto Tirol"]
[Date "2004.11.21"]
[Round "3"]
[White "Tossutti, Juan Carlos"]
[Black "Onocko, Gabriel"]
[Result "1/2-1/2"]
[WhiteElo "2235"]
[BlackElo "1844"]
[PlyCount "33"]
[EventDate "2004.11.20"]
[EventType "swiss"]
[EventRounds "7"]
[EventCountry "ARG"]
[SourceTitle "CBM 103 Extra"]
[Source "ChessBase"]
[SourceDate "2005.01.01"]
[SourceVersion "1"]
[SourceVersionDate "2005.01.01"]
[SourceQuality "1"]

1. e4 c5 2. Nf3 Nc6 3. Bb5 e6 4. 0-0 Nge7 5. Re1 a6 6. Bf1 Qc7 7. d4 cxd4 8. Nxd4 Ng6 9. c4 Bc5 10. Nb3 Be7 11. Nc3 Nce5 12. f4 Nxc4 13. Qd4 Na5 14. Qxg7 Nxb3 15. axb3 Bf8 16. Qf6 Be7 17. Qg7 1/2-1/2

[Event "ARG-ch 79th"]
[Site "Buenos Aires"]
[Date "2004.09.29"]
[Round "7"]
[White "Tossutti, Juan Carlos"]
[Black "Ibar, Marcelo Rodolfo"]
[Result "0-1"]
[WhiteElo "2165"]
[BlackElo "2314"]
[PlyCount "60"]
[EventDate "2004.09.24"]
[EventType "swiss"]
[EventRounds "9"]
[EventCountry "ARG"]
[SourceTitle "CBM 102 Extra"]
[Source "ChessBase"]
[SourceDate "2004.11.03"]
[SourceVersion "1"]
[SourceVersionDate "2004.11.03"]
[SourceQuality "1"]

1. e4 e6 2. d4 d5 3. Nc3 Nf6 4. e5 Nfd7 5. Nf3 c5 6. dxc5 Nc6 7. Bf4 Nxc5 8. Bd3 Be7 9. 0-0 0-0 10. Re1 Nxd3 11. Qxd3 b6 12. Nd4 Nxd4 13. Qxd4 Bb7 14. Rad1 Rc8 15. Qe3 Qc7 16. Qg3 Rfd8 17. Bh6 g6 18. Rd4 b5 19. Nxb5 Qc5 20. a4 a6 21. b4 Qb6 22. Bg5 Bxg5 23. Qxg5 axb5 24. Rh4 Rxc2 25. Rf1 Rd7 26. Qh6 f5 27. exf6 Rf7 28. axb5 e5 29. Rh3 d4 30. Rg3 Qxf6 0-1

[Event "ARG-ch 79th"]
[Site "Buenos Aires"]
[Date "2004.09.26"]
[Round "3"]
[White "Tossutti, Juan Carlos"]
[Black "Flores, Diego"]
[Result "0-1"]
[WhiteElo "2165"]
[BlackElo "2450"]
[PlyCount "68"]
[EventDate "2004.09.24"]
[EventType "swiss"]
[EventRounds "9"]
[EventCountry "ARG"]
[SourceTitle "CBM 102 Extra"]
[Source "ChessBase"]
[SourceDate "2004.11.03"]
[SourceVersion "1"]
[SourceVersionDate "2004.11.03"]
[SourceQuality "1"]

1. e4 d5 2. exd5 Qxd5 3. Nc3 Qa5 4. d4 Nf6 5. Bd3 Bg4 6. f3 Bh5 7. Nge2 Nc6 8. Bb5 e6 9. 0-0 Qb6 10. a4 0-0-0 11. Kh1 a6 12. Bxc6 Qxc6 13. Qe1 Bg6 14. Be3 h5 15. Nf4 Bf5 16. Nd3 Bxd3 17. cxd3 Kb8 18. Rc1 Qd7 19. Ne4 Qxa4 20. Rc4 Qd7 21. Qa5 Nd5 22. Bf2 h4 23. Rfc1 h3 24. Bg3 hxg2+ 25. Kg1 Bd6 26. Nc5 Qb5 27. Qd2 Bxg3 28. hxg3 Rh3 29. Ne4 Rdh8 30. Nc3 Rh1+ 31. Kf2 Nxc3 32. R4xc3 Qh5 33. Qf4 g1Q+ 34. Rxg1 Qh2+ 0-1